[Event "POR-ch blitz"]
[Site "Almada"]
[Date "2017.06.10"]
[Round "3"]
[White "Ferreira, Carlos Andre Santos"]
[Black "Fernandes, Antonio ETG"]
[Result "0-1"]
[WhiteElo "2024"]
[BlackElo "2468"]
[PlyCount "58"]
[EventDate "2017.06.10"]
[EventType "swiss (blitz)"]
[EventRounds "11"]
[EventCountry "POR"]
[SourceTitle "CBM 178 Extra"]
[Source "ChessBase"]
[SourceDate "2017.06.22"]
[SourceVersion "1"]
[SourceVersionDate "2017.06.22"]
[SourceQuality "1"]

1. f4 d5 2. Nf3 Nf6 3. e3 g6 4. d4 Bg7 5. Bd3 0-0 6. 0-0 c5 7. c3 Bg4 8. Nbd2 Nc6 9. Qe1 Bxf3 10. Nxf3 Qc7 11. Ne5 Nd7 12. b3 Ncxe5 13. fxe5 f6 14. exf6 Nxf6 15. Ba3 b6 16. Qg3 Qxg3 17. hxg3 Rac8 18. Rac1 Bh6 19. Rce1 Ng4 20. Rxf8+ Kxf8 21. Bc1 cxd4 22. exd4 Rxc3 23. Bxh6+ Nxh6 24. Be2 e6 25. Bf3 Kf7 26. Re2 Nf5 27. Rd2 Nxg3 28. Kf2 Nf5 29. g4 Nd6 0-1

[Event "POR-ch blitz"]
[Site "Almada"]
[Date "2017.06.10"]
[Round "10"]
[White "Veiga, Jose Francisco RP"]
[Black "Ferreira, Carlos Andre Santos"]
[Result "1-0"]
[WhiteElo "2083"]
[BlackElo "2024"]
[PlyCount "103"]
[EventDate "2017.06.10"]
[EventType "swiss (blitz)"]
[EventRounds "11"]
[EventCountry "POR"]
[SourceTitle "CBM 178 Extra"]
[Source "ChessBase"]
[SourceDate "2017.06.22"]
[SourceVersion "1"]
[SourceVersionDate "2017.06.22"]
[SourceQuality "1"]

1. e4 e5 2. Nf3 Nc6 3. Bb5 d6 4. 0-0 Nf6 5. c3 Bd7 6. d3 Be7 7. Re1 0-0 8. Nbd2 Re8 9. Nf1 Bf8 10. h3 a6 11. Ba4 b5 12. Bc2 g6 13. Bg5 Bg7 14. Qd2 Be6 15. Bh6 Bh8 16. Ng5 Bc8 17. Bb3 Be6 18. Nxe6 fxe6 19. Ng3 Qd7 20. Rf1 Bg7 21. Bg5 Rf8 22. Rae1 Na5 23. Bc2 Nc6 24. f4 exf4 25. Bxf4 e5 26. Bb3+ Kh8 27. Bg5 Na5 28. Bc2 Nc6 29. Rf2 Nd8 30. Ref1 Qe7 31. Ne2 Ne6 32. Bh6 Nh5 33. Bb3 Bxh6 34. Qxh6 Nef4 35. Nxf4 Nxf4 36. g3 Ne6 37. Bxe6 Rxf2 38. Rxf2 Qxe6 39. Rf8+ Rxf8 40. Qxf8+ Qg8 41. Qf6+ Qg7 42. Qd8+ Qg8 43. Qxc7 Qf8 44. Kg2 Kg8 45. Qb7 Qd8 46. Qxa6 Qg5 47. Qa8+ Kg7 48. Qa7+ Kg8 49. Qf2 Kg7 50. Qe2 Qc1 51. h4 Qb1 52. a3 1-0

[Event "POR-chT3 final"]
[Site "Matosinhos"]
[Date "2016.08.13"]
[Round "1.1"]
[White "Peixoto, Joao Paulo"]
[Black "Ferreira, Carlos Andre Santos"]
[Result "1/2-1/2"]
[WhiteElo "1326"]
[BlackElo "2035"]
[PlyCount "54"]
[EventDate "2016.08.13"]
[EventType "team-tourn"]
[EventRounds "3"]
[EventCountry "POR"]
[SourceTitle "EXT 2018"]
[Source "ChessBase"]
[SourceDate "2017.10.13"]
[SourceVersion "1"]
[SourceVersionDate "2017.10.13"]
[SourceQuality "1"]
[WhiteTeam "Corvos Do Lis"]
[BlackTeam "A Xat"]
[WhiteTeamCountry "POR"]
[BlackTeamCountry "POR"]

1. e4 c5 2. Ne2 e6 3. d4 cxd4 4. Nxd4 a6 5. Nc3 Nc6 6. a3 Qc7 7. Be2 Be7 8. Be3 Nf6 9. Qd2 d6 10. f4 Bd7 11. 0-0-0 Rc8 12. g4 Nxd4 13. Bxd4 e5 14. fxe5 dxe5 15. Be3 Be6 16. g5 Nd7 17. Nd5 Bxd5 18. exd5 Bc5 19. Bd3 Bxe3 20. Qxe3 Qc5 21. Rhe1 Qxe3+ 22. Rxe3 g6 23. h4 h6 24. Rf1 hxg5 25. hxg5 Ke7 26. Ref3 Rh7 27. d6+ Kxd6 1/2-1/2

[Event "Coimbra Queima das Fitas op"]
[Site "Coimbra"]
[Date "2016.04.23"]
[Round "2"]
[White "Ferreira, Carlos Andre Santos"]
[Black "Cadillon, Joao"]
[Result "1-0"]
[WhiteElo "2034"]
[BlackElo "1773"]
[PlyCount "43"]
[EventDate "2016.04.22"]
[EventType "swiss"]
[EventRounds "7"]
[EventCountry "POR"]
[SourceTitle "EXT 2018"]
[Source "ChessBase"]
[SourceDate "2017.10.13"]
[SourceVersion "1"]
[SourceVersionDate "2017.10.13"]
[SourceQuality "1"]

1. e4 c5 2. Nc3 Nc6 3. Bb5 g6 4. Bxc6 dxc6 5. d3 Bg7 6. Nf3 Bg4 7. h3 Bxf3 8. Qxf3 e5 9. 0-0 Nf6 10. Be3 b6 11. Qe2 Nh5 12. Qd2 Rc8 13. Rad1 Rc7 14. Ne2 0-0 15. g4 Nf4 16. Nxf4 exf4 17. Bxf4 Rd7 18. Bh6 Qh4 19. Bxg7 Qxh3 20. Be5 Qxg4+ 21. Bg3 g5 22. Kg2 1-0

[Event "Coimbra Queima das Fitas op"]
[Site "Coimbra"]
[Date "2016.04.22"]
[Round "1"]
[White "Bastiao, Goncalo de Oliveira"]
[Black "Ferreira, Carlos Andre Santos"]
[Result "0-1"]
[WhiteElo "1490"]
[BlackElo "2034"]
[PlyCount "86"]
[EventDate "2016.04.22"]
[EventType "swiss"]
[EventRounds "7"]
[EventCountry "POR"]
[SourceTitle "EXT 2018"]
[Source "ChessBase"]
[SourceDate "2017.10.13"]
[SourceVersion "1"]
[SourceVersionDate "2017.10.13"]
[SourceQuality "1"]

1. e4 c5 2. Nf3 e6 3. d4 cxd4 4. Nxd4 a6 5. c4 Qc7 6. Nc3 Nc6 7. Nxc6 bxc6 8. g3 Nf6 9. Qe2 e5 10. Bh3 Bb4 11. Bd2 d6 12. Bxc8 Qxc8 13. a3 Bc5 14. Be3 Bd4 15. Bxd4 exd4 16. Na4 Qc7 17. 0-0 0-0 18. Qc2 Rfe8 19. f3 c5 20. b4 Rab8 21. Rab1 Qc6 22. bxc5 d3 23. Qxd3 Qxa4 24. Rxb8 Rxb8 25. cxd6 Qc6 26. e5 Qc5+ 27. Kg2 Qxe5 28. d7 Rd8 29. Rd1 Rxd7 30. Qc2 Rxd1 31. Qxd1 Qb2+ 32. Kh3 Qxa3 33. Qd4 Qe7 34. c5 Qd7+ 35. Qxd7 Nxd7 36. c6 Nb6 37. Kg4 Kf8 38. Kf5 Ke7 39. Ke5 f6+ 40. Kd4 Kd6 41. Kc3 Kxc6 42. f4 Kc5 43. h4 h5 0-1

[Event "Lisbon Check Mate op 3rd"]
[Site "Lisbon"]
[Date "2015.08.14"]
[Round "7"]
[White "Santos, Jose Alves"]
[Black "Ferreira, Carlos Andre Santos"]
[Result "1-0"]
[WhiteElo "2205"]
[BlackElo "2013"]
[PlyCount "91"]
[EventDate "2015.08.08"]
[EventType "swiss"]
[EventRounds "7"]
[EventCountry "POR"]
[SourceTitle "EXT 2017"]
[Source "ChessBase"]
[SourceDate "2016.10.25"]
[SourceVersion "1"]
[SourceVersionDate "2016.10.25"]
[SourceQuality "1"]

1. e4 c5 2. Nf3 d6 3. d3 Nc6 4. g3 e5 5. Bg2 Nf6 6. 0-0 Be7 7. c3 Bg4 8. h3 Bd7 9. Na3 a6 10. Nc2 0-0 11. Ne3 Ne8 12. g4 g6 13. Nd5 Ng7 14. Kh1 Be6 15. Nxe7+ Qxe7 16. Bh6 f6 17. d4 Nd8 18. Nh2 g5 19. d5 Bc8 20. b4 b6 21. bxc5 bxc5 22. Rb1 Qc7 23. Qd2 Nf7 24. Bxg7 Kxg7 25. Rb2 Bd7 26. Rfb1 Rfb8 27. Nf1 Kf8 28. Ne3 Ke7 29. Bf1 Kd8 30. Kg2 Bc8 31. Bd3 Rxb2 32. Qxb2 Ra7 33. Nc4 Rb7 34. Nb6 Rb8 35. a4 Nh8 36. a5 Ng6 37. Bc4 Nf4+ 38. Kg3 Qg7 39. Rh1 Qh6 40. h4 gxh4+ 41. Rxh4 Qg5 42. f3 h5 43. Qh2 f5 44. Nxc8 Kxc8 45. exf5 Kc7 46. Qc2 1-0

[Event "Lisbon Check Mate op 3rd"]
[Site "Lisbon"]
[Date "2015.08.13"]
[Round "6"]
[White "Ferreira, Carlos Andre Santos"]
[Black "Martinez Duany, Lelys Stanley"]
[Result "0-1"]
[WhiteElo "2013"]
[BlackElo "2450"]
[PlyCount "78"]
[EventDate "2015.08.08"]
[EventType "swiss"]
[EventRounds "7"]
[EventCountry "POR"]
[SourceTitle "EXT 2017"]
[Source "ChessBase"]
[SourceDate "2016.10.25"]
[SourceVersion "1"]
[SourceVersionDate "2016.10.25"]
[SourceQuality "1"]

1. e4 c5 2. Nc3 Nc6 3. Bb5 Nd4 4. Bc4 e6 5. d3 a6 6. a4 Nf6 7. Nf3 d5 8. Ba2 dxe4 9. dxe4 b6 10. e5 Ng4 11. h3 Nh6 12. Bxh6 gxh6 13. Ne4 Bb7 14. Nf6+ Ke7 15. Nxd4 Qxd4 16. Qxd4 cxd4 17. 0-0-0 Rd8 18. c3 Bg7 19. cxd4 Bxf6 20. exf6+ Kxf6 21. f3 Rhg8 22. g4 Kg5 23. Rd3 Kf4 24. Kd2 Rd7 25. Ke2 Rc8 26. Bb3 h5 27. Rg1 a5 28. Kf2 Bd5 29. Bd1 Bc4 30. Rd2 Rcd8 31. gxh5 Rxd4 32. Rg4+ Ke5 33. Rdxd4 Rxd4 34. Be2 Bxe2 35. Kxe2 Rxg4 36. hxg4 Kf4 37. Kf2 h6 38. Ke2 f6 39. Kf2 e5 0-1

[Event "Lisbon Christmas op"]
[Site "Lisbon"]
[Date "2014.12.30"]
[Round "8"]
[White "Ferreira, Carlos Andre Santos"]
[Black "Padeiro, Jose Joao Tato"]
[Result "0-1"]
[WhiteElo "1957"]
[BlackElo "2306"]
[PlyCount "78"]
[EventDate "2014.12.26"]
[EventType "swiss"]
[EventRounds "9"]
[EventCountry "POR"]
[SourceTitle "CBM 164 Extra"]
[Source "ChessBase"]
[SourceDate "2015.03.02"]
[SourceVersion "1"]
[SourceVersionDate "2015.03.02"]
[SourceQuality "1"]

1. e4 Nc6 2. Nc3 g6 3. Nf3 Bg7 4. Bc4 d6 5. 0-0 Nf6 6. h3 e5 7. d3 0-0 8. Be3 Na5 9. Bb3 Nxb3 10. axb3 c5 11. Qd2 b6 12. Bg5 Bb7 13. Nh2 Qd7 14. f4 exf4 15. Qxf4 Nh5 16. Qd2 f5 17. Bh6 Bd4+ 18. Be3 Bxe3+ 19. Qxe3 f4 20. Qf3 Ng7 21. Qg4 Qxg4 22. Nxg4 a6 23. Nh6+ Kh8 24. Nd5 Bxd5 25. exd5 Nh5 26. Ra4 a5 27. Ng4 Rae8 28. Re4 Ng3 29. Rxe8 Rxe8 30. Rb1 Re2 31. Nf6 Kg7 32. Nd7 b5 33. c4 b4 34. Nb8 g5 35. Nc6 h5 36. d4 g4 37. dxc5 gxh3 38. gxh3 f3 39. Rf1 Rg2# 0-1

[Event "Lisbon Christmas op"]
[Site "Lisbon"]
[Date "2014.12.30"]
[Round "9"]
[White "Gisbert Mir, Alejandro"]
[Black "Ferreira, Carlos Andre Santos"]
[Result "0-1"]
[WhiteElo "1728"]
[BlackElo "1957"]
[PlyCount "34"]
[EventDate "2014.12.26"]
[EventType "swiss"]
[EventRounds "9"]
[EventCountry "POR"]
[SourceTitle "EXT 2018"]
[Source "ChessBase"]
[SourceDate "2017.10.13"]
[SourceVersion "1"]
[SourceVersionDate "2017.10.13"]
[SourceQuality "1"]

1. d4 Nf6 2. c4 e6 3. Nc3 c5 4. d5 exd5 5. cxd5 d6 6. e4 g6 7. f4 Bg7 8. Bb5+ Bd7 9. Bxd7+ Nfxd7 10. Nf3 0-0 11. 0-0 Na6 12. Nb5 Qb6 13. a4 Nc7 14. Nxc7 Qxc7 15. Re1 Rfe8 16. Ra3 c4 17. b4 Qb6+ 0-1

[Event "Lisbon Check Mate op 1st"]
[Site "Lisbon"]
[Date "2013.08.12"]
[Round "4.5"]
[White "Reis, Luis Simoes"]
[Black "Ferreira, Carlos Andre Santos"]
[Result "0-1"]
[WhiteElo "2010"]
[BlackElo "1889"]
[PlyCount "78"]
[EventDate "2013.08.10"]
[EventType "swiss"]
[EventRounds "7"]
[EventCountry "POR"]
[SourceTitle "EXT 2015"]
[Source "ChessBase"]
[SourceDate "2014.11.20"]
[SourceVersion "1"]
[SourceVersionDate "2014.11.20"]
[SourceQuality "1"]

1. e4 c5 2. Nf3 d6 3. d4 cxd4 4. Nxd4 Nf6 5. Nc3 a6 6. Bc4 e6 7. 0-0 Be7 8. Bb3 Nc6 9. f4 Qc7 10. Be3 0-0 11. Qf3 Na5 12. a4 b6 13. g4 Nxb3 14. Nxb3 d5 15. e5 Ne4 16. Nxe4 dxe4 17. Qf2 Rb8 18. f5 f6 19. exf6 Bxf6 20. Bf4 Be5 21. Bxe5 Qxe5 22. Qd4 Qxd4+ 23. Nxd4 exf5 24. gxf5 g6 25. fxg6 hxg6 26. Rxf8+ Kxf8 27. Kf2 Bf5 28. Ke3 Kf7 29. Kf4 Kf6 30. Rf1 Rh8 31. Kg3 Rh3+ 32. Kg2 Rh4 33. Ne2 Ke5 34. Rd1 Bg4 35. Re1 Bf3+ 36. Kg3 Rg4+ 37. Kh3 Rg2 38. Ng1 Kf4 39. Ne2+ Rxe2 0-1

[Event "Lisbon Check Mate op 1st"]
[Site "Lisbon"]
[Date "2013.08.11"]
[Round "3.8"]
[White "Santos, Jose Duarte"]
[Black "Ferreira, Carlos Andre Santos"]
[Result "0-1"]
[WhiteElo "1905"]
[BlackElo "1889"]
[PlyCount "66"]
[EventDate "2013.08.10"]
[EventType "swiss"]
[EventRounds "7"]
[EventCountry "POR"]
[SourceTitle "EXT 2015"]
[Source "ChessBase"]
[SourceDate "2014.11.20"]
[SourceVersion "1"]
[SourceVersionDate "2014.11.20"]
[SourceQuality "1"]

1. e4 c5 2. Nf3 d6 3. d4 cxd4 4. Nxd4 Nf6 5. Nc3 a6 6. Be3 e5 7. Nb3 Be7 8. f3 Be6 9. Nd5 Bxd5 10. exd5 Nbd7 11. a4 Rc8 12. a5 Qc7 13. Qd3 0-0 14. c4 Rfe8 15. Qf5 g6 16. Qh3 Nh5 17. g3 Bf6 18. Qg2 Bg7 19. Qc2 b5 20. Nd2 Qb7 21. Qb3 f5 22. Be2 f4 23. Bf2 Nhf6 24. Ne4 Nxe4 25. fxe4 Nf6 26. Bd3 Ng4 27. Bg1 Qf7 28. Qd1 f3 29. Bb6 bxc4 30. Bc2 Bh6 31. 0-0 Be3+ 32. Kh1 Bxb6 33. axb6 Ne3 0-1

[Event "POR-chT 52nd"]
[Site "Vila Nova de Gaia"]
[Date "2010.07.29"]
[Round "6.6"]
[White "Oliveira, Luis"]
[Black "Ferreira, Carlos Andre Santos"]
[Result "1-0"]
[WhiteElo "2125"]
[BlackElo "1953"]
[PlyCount "55"]
[EventDate "2010.07.24"]
[EventType "team-tourn"]
[EventRounds "9"]
[EventCountry "POR"]
[SourceTitle "EXT 2011"]
[Source "ChessBase"]
[SourceDate "2010.11.26"]
[SourceVersion "1"]
[SourceVersionDate "2010.11.26"]
[SourceQuality "1"]
[WhiteTeam "Mata de Benfica"]
[BlackTeam "Alekhine"]
[WhiteTeamCountry "POR"]
[BlackTeamCountry "POR"]

1. e4 c5 2. Nf3 d6 3. d4 cxd4 4. Nxd4 Nf6 5. Nc3 a6 6. Be3 e5 7. Nb3 Be6 8. Qd2 Nbd7 9. f3 Qc7 10. Nd5 Bxd5 11. exd5 Rc8 12. c4 Be7 13. Be2 0-0 14. 0-0 Nh5 15. Na5 Nf4 16. b4 Nxe2+ 17. Qxe2 f5 18. Rfd1 f4 19. Bf2 Rfe8 20. Rac1 Nf6 21. Nb3 Bf8 22. Nd2 g5 23. Ne4 Nxe4 24. Qxe4 b5 25. c5 dxc5 26. bxc5 Qb7 27. Qf5 b4 28. d6 1-0

[Event "Lisbon District-ch sf"]
[Site "Lisbon"]
[Date "2010.04.08"]
[Round "2"]
[White "Rodrigues, Pedro Sousa Rocha"]
[Black "Ferreira, Carlos Andre Santos"]
[Result "1-0"]
[WhiteElo "1896"]
[BlackElo "1968"]
[PlyCount "87"]
[EventDate "2010.04.06"]
[EventType "swiss"]
[EventRounds "8"]
[EventCountry "POR"]
[SourceTitle "EXT 2022"]
[Source "ChessBase"]
[SourceDate "2021.10.06"]
[SourceVersion "1"]
[SourceVersionDate "2021.10.06"]
[SourceQuality "1"]

1. c4 g6 2. Nc3 Bg7 3. e4 d6 4. d4 Nf6 5. Be2 0-0 6. Bg5 c6 7. Qd2 Re8 8. h4 a6 9. a4 Qa5 10. Rd1 Nbd7 11. Rb1 e5 12. b4 Qc7 13. d5 c5 14. b5 Qa5 15. Bd3 Nf8 16. Nge2 Nh5 17. 0-0 Qc7 18. b6 Qd7 19. f3 f5 20. Bh6 Bxh6 21. Qxh6 Qg7 22. Qxg7+ Kxg7 23. a5 h6 24. exf5 gxf5 25. Kh2 Ng6 26. g3 Nf6 27. Ng1 Bd7 28. Rbe1 Re7 29. Bc2 Rg8 30. Nd1 f4 31. Bxg6 fxg3+ 32. Kxg3 Kxg6 33. Kf2 Rf7 34. Ne2 Kh7 35. Ke3 Rgf8 36. Ng3 Rg8 37. Rg1 Rgg7 38. Ne2 Nh5 39. Rxg7+ Rxg7 40. Ndc3 Bf5 41. Rg1 Rxg1 42. Nxg1 Nf4 43. Nb5 Ng2+ 44. Kf2 1-0

[Event "Lisbon-ch sf"]
[Site "Lisbon"]
[Date "2008.04.30"]
[Round "4"]
[White "Paredes, Joao Manuel Escalei"]
[Black "Ferreira, Carlos Andre Santos"]
[Result "1-0"]
[WhiteElo "1962"]
[BlackElo "1968"]
[PlyCount "35"]
[EventDate "2008.04.21"]
[EventType "swiss"]
[EventRounds "8"]
[EventCountry "POR"]
[SourceTitle "EXT 2022"]
[Source "ChessBase"]
[SourceDate "2021.10.06"]
[SourceVersion "1"]
[SourceVersionDate "2021.10.06"]
[SourceQuality "1"]

1. e4 c5 2. Nf3 d6 3. d4 cxd4 4. Nxd4 Nf6 5. Nc3 a6 6. Bc4 e6 7. Bb3 Nbd7 8. f4 Nc5 9. 0-0 Nfxe4 10. Nxe4 Nxe4 11. f5 Qb6 12. fxe6 fxe6 13. Be3 d5 14. Qh5+ Kd8 15. Bxd5 Qa5 16. Qh4+ Be7 17. Nxe6+ Bxe6 18. Qxe4 1-0